Statistics for Nick Drake Songs

Click here to take the quiz!

General Stats

  • This quiz has been taken 108 times
  • The average score is 17 of 31

Answer Stats

HintAnswer% Correct
Pink Moon
94%
Bryter Layter
73%
Northern Sky
71%
One of These Things First
67%
Bryter LayterRiver Man
65%
Place to Be
63%
Poor Boy
63%
Hazey Jane I
60%
Parasite
60%
Hazey Jane II
58%
Road
58%
From the Morning
56%
Horn
56%
At the Chime of a City Clock
52%
'Cello Song
52%
Fly
52%
Introduction
52%
Saturday Sun
52%
Five Leaves LeftTime Has Told Me
52%
Fruit Tree
50%
Sunday
50%
Things Behind the Sun
50%
The Thoughts of Mary Jane
48%
Man in a Shed
46%
Pink MoonThree Hours
46%
Way to Blue
46%
Which Will
46%
Day Is Done
44%
Free Ride
38%
Harvest Breed
35%
Know
35%

Score Distribution

Percentile by Number Answered

Percent of People with Each Score

Your Score History

You have not taken this quiz